|
|
|
|
| LEADER |
00000nam0a2200000 4500 |
| 001 |
290401 |
| 005 |
20231102000301.0 |
| 010 |
|
|
|a 9785369013953
|
| 010 |
|
|
|a 978-5-16-010341-9
|
| 035 |
|
|
|a (RuTPU)RU\TPU\book\314951
|
| 090 |
|
|
|a 290401
|
| 100 |
|
|
|a 20150406d2015 k y0rusy50 ca
|
| 101 |
0 |
|
|a rus
|
| 102 |
|
|
|a RU
|
| 105 |
|
|
|a a z 001zy
|
| 200 |
1 |
|
|a Инфраструктура инноваций и малые предприятия: состояние, оценки, моделирование
|e монография
|f В. Я. Вилисов, А. В. Вилисова
|
| 210 |
|
|
|a Москва
|c РИОР
|c Инфра-М
|d 2015
|
| 215 |
|
|
|a 228 с.
|c ил.
|
| 225 |
1 |
|
|a Научная мысль
|
| 320 |
|
|
|a Библиогр.: с. 212-218.
|
| 330 |
|
|
|a Представлен анализ закономерностей и особенностей развития инновационных факторов и элементов инновационной инфраструктуры развитых и развивающихся экономик мира, в том числе российской. Предложен комплекс экономико-математических моделей оценки потенциала инновационного развития экономического субъекта. Предложена методика перехода малых предприятий на инновационный путь развития.Для специалистов в области инновационного менеджмента, научных работников, студентов, аспирантов и докторантов.
|
| 606 |
1 |
|
|a Инновационная экономика
|2 stltpush
|3 (RuTPU)RU\TPU\subj\67863
|9 83511
|
| 606 |
1 |
|
|a Малые предприятия
|2 stltpush
|3 (RuTPU)RU\TPU\subj\36377
|9 57782
|
| 610 |
1 |
|
|a инновации
|
| 610 |
1 |
|
|a инновационная деятельность
|
| 610 |
1 |
|
|a инфраструктура
|
| 610 |
1 |
|
|a малый бизнес
|
| 610 |
1 |
|
|a экономическое развитие
|
| 610 |
1 |
|
|a мировой опыт
|
| 610 |
1 |
|
|a технопарки
|
| 610 |
1 |
|
|a инновационная политика
|
| 610 |
1 |
|
|a национальная политика
|
| 610 |
1 |
|
|a экономический потенциал
|
| 610 |
1 |
|
|a оценка
|
| 610 |
1 |
|
|a выживание
|
| 610 |
1 |
|
|a жизненный цикл
|
| 610 |
1 |
|
|a монографии
|
| 686 |
|
|
|a У9(2)0-551
|v LBC/SL-A
|2 rubbk
|
| 686 |
|
|
|a У9(2)292
|v LBC/SL-A
|2 rubbk
|
| 700 |
|
1 |
|a Вилисов
|b В. Я.
|g Валерий Яковлевич
|
| 701 |
|
1 |
|a Вилисова
|b А. В.
|g Анна Валерьевна
|
| 801 |
|
1 |
|a RU
|b 63413507
|c 20150406
|
| 801 |
|
2 |
|a RU
|b 63413507
|c 20150609
|g RCR
|
| 900 |
|
|
|a Инновации
|
| 900 |
|
|
|a Инновационный менеджмент
|
| 942 |
|
|
|c BK
|
| 959 |
|
|
|a 34/20150406
|d 1
|e 349,90
|f ЧЗГЛ:1
|